[Event "Nuremberg-ch op 03rd"]
[Site "Nuremberg"]
[Date "2003.06.01"]
[Round "4"]
[White "Khenkine, Ilia"]
[Black "Zabarska, Natalia"]
[Result "0-1"]
[WhiteElo "1377"]
[BlackElo "1683"]
[PlyCount "116"]
[EventDate "2003.05.30"]
[EventType "swiss"]
[EventRounds "5"]
[EventCountry "GER"]
[SourceTitle "EXT 2006"]
[Source "ChessBase"]
[SourceDate "2005.11.24"]
[SourceVersion "1"]
[SourceVersionDate "2005.11.24"]
[SourceQuality "1"]

1. e4 e6 2. d4 d5 3. e5 c5 4. c3 Nc6 5. Nf3 Qb6 6. Bd3 cxd4 7. cxd4 Nge7 8. 0-0 Nf5 9. Bxf5 exf5 10. Nc3 Be6 11. a3 a5 12. b3 Be7 13. Ne2 0-0 14. Ng5 h6 15. Nf3 f6 16. Nf4 Bf7 17. e6 Be8 18. Nxd5 Qd8 19. Nxe7+ Nxe7 20. Qd3 Rc8 21. Rd1 Qd5 22. Re1 Rc6 23. b4 axb4 24. axb4 Rxe6 25. Rxe6 Qxe6 26. Ra5 Bc6 27. Rc5 b6 28. Rc2 Bxf3 29. gxf3 Nd5 30. Re2 Qd7 31. Qb3 Kh8 32. b5 Qf7 33. Ba3 Nf4 34. Qxf7 Nxe2+ 35. Kf1 Rxf7 36. Kxe2 Ra7 37. Bd6 Rd7 38. Bb4 Rxd4 39. Be7 Rd5 40. Ke3 Re5+ 41. Kd4 Rxe7 42. Kd5 Rc7 43. f4 Rc5+ 44. Ke6 Rxb5 45. Kf7 Rc5 46. Kg6 b5 47. f3 b4 48. h3 b3 49. h4 b2 50. h5 b1Q 51. Kf7 Rc7+ 52. Kg6 Qg1+ 53. Kxf5 Rc5+ 54. Ke6 Qe3+ 55. Kf7 Qxf4 56. Kg6 Qf5+ 57. Kf7 Rc7+ 58. Ke8 Qc8# 0-1

[Event "Bayern-ch U12"]
[Site "Mimberg"]
[Date "2002.04.04"]
[Round "5"]
[White "Braeutigam, Markus"]
[Black "Khenkine, Ilia"]
[Result "1/2-1/2"]
[WhiteElo "1105"]
[BlackElo "1284"]
[PlyCount "38"]
[EventDate "2002.04.??"]
[EventType "swiss"]
[EventRounds "7"]
[EventCountry "GER"]
[SourceTitle "EXT 2004"]
[Source "ChessBase"]
[SourceDate "2003.11.25"]
[SourceVersion "1"]
[SourceVersionDate "2003.11.25"]
[SourceQuality "1"]

1. e4 c5 2. Nf3 Nc6 3. Bc4 e6 4. Nc3 g6 5. d3 Bg7 6. Be3 b6 7. Qd2 Nd4 8. 0-0-0 Ne7 9. h4 d5 10. Bb5+ Bd7 11. Bxd7+ Qxd7 12. Bh6 Nxf3 13. gxf3 0-0 14. Bxg7 Kxg7 15. h5 d4 16. Ne2 Rh8 17. Qf4 f5 18. Qe5+ Kg8 19. h6 Nc6 1/2-1/2

[Event "Nuremberg Zabo op 03rd"]
[Site "Nuremberg"]
[Date "2001.09.22"]
[Round "2"]
[White "Khenkine, Ilia"]
[Black "Tobisch, Alexander"]
[Result "0-1"]
[WhiteElo "1069"]
[BlackElo "1558"]
[PlyCount "90"]
[EventDate "2001.09.21"]
[EventType "swiss"]
[EventRounds "5"]
[EventCountry "GER"]
[SourceTitle "EXT 2003"]
[Source "ChessBase"]
[SourceDate "2002.11.25"]
[SourceVersion "1"]
[SourceVersionDate "2002.11.25"]
[SourceQuality "1"]

1. e4 g6 2. d4 Bg7 3. f4 d6 4. Nf3 Nf6 5. e5 Nd5 6. Bc4 Nb6 7. Bb3 h6 8. 0-0 0-0 9. Qd3 Bf5 10. Qe2 d5 11. Nh4 Qc8 12. Nc3 c6 13. Nxf5 Qxf5 14. g4 Qc8 15. f5 Kh7 16. f6 exf6 17. exf6 Re8 18. Qg2 Bf8 19. Ne2 c5 20. c3 Re4 21. Ng3 Re8 22. Bxd5 Nxd5 23. Qxd5 Qd7 24. Qb3 Nc6 25. Rd1 cxd4 26. cxd4 Nxd4 27. Qd3 Rad8 28. Be3 Nf3+ 29. Kf2 Qxd3 30. Rxd3 Rxd3 31. Bxa7 Nxh2 32. Rc1 Nxg4+ 33. Kg2 Bd6 34. Nf1 Nxf6 35. b3 h5 36. Rc4 Re4 37. Rc8 h4 38. Nh2 Bxh2 39. Kxh2 Ng4+ 40. Kg2 h3+ 41. Kh1 Re2 42. b4 Rd1+ 43. Bg1 h2 44. Rh8+ Kxh8 45. a4 Rxg1# 0-1